| 000 | 00448nam a2200169 i 4500 | ||
|---|---|---|---|
| 001 | 29750 | ||
| 003 | ES-MaACL | ||
| 005 | 20231224062912.0 | ||
| 007 | t| | ||
| 008 | 030122s1943 sp |||| | spa d | ||
| 100 | 1 |
_aBaroja, Pío, _d1872-1956 _925752 |
|
| 245 | 1 | 3 |
_aEl caballero de Erlaiz / _cpor Pío Baroja. |
| 260 |
_aMadrid : _bLa Nave, _c1943 ( _fAldus) |
||
| 300 |
_a395 p. ; _c16 cm. |
||
| 852 |
_aES-MaACL _jF-15805 |
||
| 999 |
_c29750 _d29750 |
||